000 00472nam a22001937a 4500
003 MPLRDC
005 20220104143412.0
008 210129b ||||| |||| 00| 0 eng d
020 _a957-560-460-1
082 _a848.2 YLH v.22
100 _a於梨华著
245 _a一个天使的沉沦
_c
250 _a初版四印
260 _a
_b九歌出版社
_c1997
300 _b
490 _a九歌文库;961
650 _a现代别集
942 _cBK
_o848.2 YLH v.22
999 _c39542
_d39532